[Event "Irena Warakomska Memorial 2019"]
[Site "Suwalki"]
[Date "2019.08.10"]
[Round "7"]
[White "Szpar, Milosz"]
[Black "Dhulipalla Bala Chandra Prasad"]
[Result "0-1"]
[Board "19"]
[WhiteElo "2290"]
[WhiteTitle "FM"]
[WhiteCountry "POL"]
[WhiteFideId "1184989"]
[WhiteEloChange "-6"]
[BlackElo "2420"]
[BlackTitle "IM"]
[BlackCountry "IND"]
[BlackFideId "25005812"]
[BlackEloChange "3"]

1. e4 {[%clk 1:30:57]} e5 {[%clk 1:30:55]} 2. Nf3 {[%clk 1:31:17]} Nc6 {[%clk
1:31:20]} 3. Bb5 {[%clk 1:31:37]} a6 {[%clk 1:31:45]} 4. Ba4 {[%clk 1:32:02]} Nf6
{[%clk 1:32:11]} 5. O-O {[%clk 1:32:23]} Be7 {[%clk 1:32:38]} 6. Re1 {[%clk
1:32:45]} b5 {[%clk 1:33:04]} 7. Bb3 {[%clk 1:33:10]} d6 {[%clk 1:33:31]} 8. c3
{[%clk 1:33:27]} O-O {[%clk 1:33:56]} 9. h3 {[%clk 1:33:48]} Nb8 {[%clk 1:34:22]}
10. d4 {[%clk 1:34:08]} Nbd7 {[%clk 1:34:49]} 11. Nbd2 {[%clk 1:34:27]} c5 {[%clk
1:35:14]} 12. Nf1 {[%clk 1:31:29]} Bb7 {[%clk 1:35:06]} 13. d5 {[%clk 1:28:46]}
c4 {[%clk 1:32:19]} 14. Bc2 {[%clk 1:29:10]} a5 {[%clk 1:32:32]} 15. Ne3 {[%clk
1:20:35]} g6 {[%clk 1:30:19]} 16. a4 {[%clk 1:11:26]} Ba6 {[%clk 1:29:30]} 17.
axb5 {[%clk 1:04:05]} Bxb5 {[%clk 1:29:54]} 18. Ng4 {[%clk 1:02:26]} Nxg4 {[%clk
1:23:23]} 19. hxg4 {[%clk 1:02:51]} Nc5 {[%clk 1:14:09]} 20. Be3 {[%clk 1:01:49]}
Qc7 {[%clk 1:10:51]} 21. Ra3 {[%clk 0:57:59]} Rfb8 {[%clk 0:58:30]} 22. Nd2
{[%clk 0:53:31]} a4 {[%clk 0:52:24]} 23. g3 {[%clk 0:48:36]} Qc8 {[%clk 0:45:25]}
24. f3 {[%clk 0:41:40]} Nb3 {[%clk 0:36:56]} 25. Kg2 {[%clk 0:38:34]} Rb7 {[%clk
0:34:44]} 26. Qe2 {[%clk 0:32:06]} Rab8 {[%clk 0:22:30]} 27. Bxb3 {[%clk
0:23:14]} cxb3 {[%clk 0:22:14]} 28. Qf2 {[%clk 0:23:30]} Be8 {[%clk 0:19:19]} 29.
Rh1 {[%clk 0:18:57]} Bd8 {[%clk 0:17:48]} 30. Raa1 {[%clk 0:18:02]} Ra8 {[%clk
0:16:05]} 31. Nb1 {[%clk 0:16:13]} f5 {[%clk 0:11:48]} 32. gxf5 {[%clk 0:14:51]}
gxf5 {[%clk 0:12:13]} 33. exf5 {[%clk 0:14:56]} Qxf5 {[%clk 0:12:04]} 34. Na3
{[%clk 0:15:10]} e4 {[%clk 0:11:43]} 35. fxe4 {[%clk 0:10:01]} Qxe4+ {[%clk
0:11:51]} 36. Qf3 {[%clk 0:10:03]} Bg6 {[%clk 0:11:27]} 37. Bf4 {[%clk 0:09:15]}
Qe8 {[%clk 0:07:38]} 38. Rhe1 {[%clk 0:08:42]} Re7 {[%clk 0:05:33]} 39. Rxe7
{[%clk 0:04:57]} Qxe7 {[%clk 0:05:47]} 40. Kf1 {[%clk 0:33:44]} Bb6 {[%clk
0:30:38]} 41. Re1 {[%clk 0:25:35]} Qf7 {[%clk 0:24:24]} 42. Nc4 {[%clk 0:25:30]}
Bc5 {[%clk 0:24:03]} 43. Ra1 {[%clk 0:25:26]} Qf5 {[%clk 0:19:35]} 0-1

[Event "Irena Warakomska Memorial 2019"]
[Site "Suwalki"]
[Date "2019.08.10"]
[Round "7"]
[White "Luba, Lukasz"]
[Black "Wiewiora, Eneasz"]
[Result "1-0"]
[Board "30"]
[WhiteElo "2130"]
[WhiteCountry "POL"]
[WhiteFideId "1117289"]
[WhiteEloChange "15"]
[BlackElo "2331"]
[BlackTitle "FM"]
[BlackCountry "POL"]
[BlackFideId "1140396"]
[BlackEloChange "-15"]

1. d4 {[%clk 1:30:09]} Nf6 {[%clk 1:30:56]} 2. Nd2 {[%clk 1:30:26]} g6 {[%clk
1:29:54]} 3. e4 {[%clk 1:30:24]} d6 {[%clk 1:30:18]} 4. Be2 {[%clk 1:29:28]} Bg7
{[%clk 1:30:42]} 5. h4 {[%clk 1:29:51]} h5 {[%clk 1:30:58]} 6. Ngf3 {[%clk
1:30:05]} O-O {[%clk 1:30:51]} 7. Ng5 {[%clk 1:30:19]} e5 {[%clk 1:27:03]} 8. d5
{[%clk 1:25:06]} c6 {[%clk 1:22:53]} 9. c4 {[%clk 1:25:28]} Na6 {[%clk 1:22:52]}
10. Nf1 {[%clk 1:25:45]} cxd5 {[%clk 1:19:10]} 11. cxd5 {[%clk 1:25:57]} Nc5
{[%clk 1:19:35]} 12. Ng3 {[%clk 1:26:02]} Bd7 {[%clk 1:15:00]} 13. b4 {[%clk
1:07:14]} Na4 {[%clk 1:09:12]} 14. Qb3 {[%clk 1:06:35]} Rc8 {[%clk 1:08:30]} 15.
Bd2 {[%clk 1:07:02]} Qe7 {[%clk 0:54:33]} 16. O-O {[%clk 0:55:40]} Rc7 {[%clk
0:53:47]} 17. Rfc1 {[%clk 0:43:36]} Rfc8 {[%clk 0:53:37]} 18. Rxc7 {[%clk
0:43:08]} Rxc7 {[%clk 0:54:02]} 19. Rc1 {[%clk 0:43:29]} Qd8 {[%clk 0:53:14]} 20.
Ne6 {[%clk 0:36:14]} Rxc1+ {[%clk 0:51:20]} 21. Bxc1 {[%clk 0:33:58]} Qc8 {[%clk
0:51:30]} 22. Bg5 {[%clk 0:33:55]} fxe6 {[%clk 0:51:09]} 23. dxe6 {[%clk
0:34:17]} Be8 {[%clk 0:51:02]} 24. Bxf6 {[%clk 0:28:42]} Bxf6 {[%clk 0:51:26]}
25. Bxh5 {[%clk 0:29:08]} gxh5 {[%clk 0:48:11]} 26. Nf5 {[%clk 0:29:18]} Qc3
{[%clk 0:30:01]} 27. Qd5 {[%clk 0:20:59]} Qc6 {[%clk 0:28:14]} 28. Qd3 {[%clk
0:19:13]} Bg6 {[%clk 0:26:21]} 29. e7 {[%clk 0:11:48]} Bxf5 {[%clk 0:25:12]} 30.
Qd5+ {[%clk 0:12:07]} Qxd5 {[%clk 0:22:26]} 31. e8Q+ {[%clk 0:12:23]} Kg7 {[%clk
0:22:52]} 32. exd5 {[%clk 0:12:46]} Nb6 {[%clk 0:19:29]} 33. Qxh5 {[%clk
0:11:12]} Bd7 {[%clk 0:18:55]} 34. g4 {[%clk 0:10:56]} Nxd5 {[%clk 0:18:50]} 35.
g5 {[%clk 0:11:16]} Be7 {[%clk 0:19:18]} 36. Qh6+ {[%clk 0:11:42]} Kg8 {[%clk
0:19:03]} 37. Qg6+ {[%clk 0:12:04]} Kf8 {[%clk 0:19:17]} 38. Qh7 {[%clk 0:09:52]}
Be6 {[%clk 0:18:10]} 39. Qh6+ {[%clk 0:09:53]} Kf7 {[%clk 0:18:39]} 40. g6+
{[%clk 0:38:02]} Ke8 {[%clk 0:49:08]} 41. g7 {[%clk 0:38:09]} Nf6 {[%clk
0:49:27]} 42. Qg6+ {[%clk 0:38:31]} Kd7 {[%clk 0:49:27]} 43. h5 {[%clk 0:38:46]}
d5 {[%clk 0:49:33]} 44. h6 {[%clk 0:39:06]} Bg8 {[%clk 0:50:00]} 45. Qf5+ {[%clk
0:39:06]} Kd6 {[%clk 0:50:25]} 46. Qc8 {[%clk 0:39:25]} Bf7 {[%clk 0:44:42]} 47.
Qxb7 {[%clk 0:39:17]} d4 {[%clk 0:44:59]} 48. Qxa7 {[%clk 0:39:32]} Ke6 {[%clk
0:42:17]} 49. Qa6+ {[%clk 0:37:08]} Bd6 {[%clk 0:42:34]} 50. Qd3 {[%clk 0:36:16]}
Bg8 {[%clk 0:42:16]} 51. h7 {[%clk 0:36:03]} Bxh7 {[%clk 0:41:39]} 52. Qxh7
{[%clk 0:36:26]} Nxh7 {[%clk 0:42:01]} 53. g8Q+ {[%clk 0:36:46]} 1-0

[Event "Irena Warakomska Memorial 2019"]
[Site "Suwalki"]
[Date "2019.08.10"]
[Round "7"]
[White "Dzhuguryan, Tygran"]
[Black "Czerw, Dawid"]
[Result "1/2-1/2"]
[Board "34"]
[WhiteElo "2229"]
[WhiteCountry "POL"]
[WhiteFideId "21872988"]
[WhiteEloChange "1"]
[BlackElo "2281"]
[BlackTitle "FM"]
[BlackCountry "POL"]
[BlackFideId "1145746"]
[BlackEloChange "-1"]

1. d4 {[%clk 1:30:58]} Nf6 {[%clk 1:30:54]} 2. c4 {[%clk 1:31:24]} e6 {[%clk
1:31:21]} 3. Nc3 {[%clk 1:31:39]} Bb4 {[%clk 1:31:44]} 4. Qc2 {[%clk 1:32:02]} d5
{[%clk 1:31:59]} 5. cxd5 {[%clk 1:26:36]} Qxd5 {[%clk 1:30:04]} 6. Nf3 {[%clk
1:26:45]} Qf5 {[%clk 1:29:27]} 7. Qxf5 {[%clk 1:25:56]} exf5 {[%clk 1:29:50]} 8.
a3 {[%clk 1:25:36]} Be7 {[%clk 1:26:49]} 9. Bf4 {[%clk 1:24:54]} c6 {[%clk
1:26:15]} 10. e3 {[%clk 1:25:18]} Be6 {[%clk 1:25:30]} 11. Bd3 {[%clk 1:25:31]}
h6 {[%clk 1:24:57]} 12. h3 {[%clk 1:24:01]} Nbd7 {[%clk 1:22:41]} 13. Ne5 {[%clk
1:24:05]} Nxe5 {[%clk 1:20:07]} 14. Bxe5 {[%clk 1:24:26]} O-O {[%clk 1:19:14]}
15. O-O {[%clk 1:22:01]} Rfd8 {[%clk 1:14:28]} 16. Rfd1 {[%clk 1:18:25]} Rac8
{[%clk 1:12:56]} 17. b4 {[%clk 1:18:00]} Nd7 {[%clk 1:05:25]} 18. Bh2 {[%clk
1:17:46]} Nb6 {[%clk 1:05:09]} 19. Rdc1 {[%clk 1:14:32]} g5 {[%clk 0:58:51]} 20.
Rab1 {[%clk 1:07:40]} f4 {[%clk 0:54:23]} 21. Ne4 {[%clk 1:07:22]} Nd5 {[%clk
0:46:11]} 22. Re1 {[%clk 1:07:45]} b6 {[%clk 0:44:36]} 23. Nd2 {[%clk 1:04:15]}
a5 {[%clk 0:41:28]} 24. bxa5 {[%clk 1:04:04]} bxa5 {[%clk 0:38:00]} 25. Nc4
{[%clk 1:02:48]} c5 {[%clk 0:34:48]} 26. Nxa5 {[%clk 0:57:55]} cxd4 {[%clk
0:34:02]} 27. exf4 {[%clk 0:58:06]} Nxf4 {[%clk 0:31:08]} 28. Bxf4 {[%clk
0:57:53]} gxf4 {[%clk 0:31:35]} 29. Bc4 {[%clk 0:54:41]} d3 {[%clk 0:19:47]} 30.
Rxe6 {[%clk 0:53:36]} fxe6 {[%clk 0:19:22]} 31. Bxe6+ {[%clk 0:54:04]} Kf8 {[%clk
0:19:16]} 32. Bxc8 {[%clk 0:53:12]} Rxc8 {[%clk 0:19:30]} 33. Nb3 {[%clk
0:42:36]} Bxa3 {[%clk 0:15:07]} 34. Rd1 {[%clk 0:42:13]} Rd8 {[%clk 0:09:46]} 35.
Kf1 {[%clk 0:41:35]} Kf7 {[%clk 0:09:08]} 36. Nc1 {[%clk 0:37:02]} Bxc1 {[%clk
0:08:38]} 37. Rxc1 {[%clk 0:37:30]} Kf6 {[%clk 0:07:56]} 38. Rc6+ {[%clk
0:32:22]} Ke5 {[%clk 0:08:01]} 39. Ke1 {[%clk 0:32:35]} Ra8 {[%clk 0:05:37]} 40.
Kd2 {[%clk 1:02:13]} Ra2+ {[%clk 0:35:09]} 41. Kxd3 {[%clk 1:02:41]} Rxf2 {[%clk
0:35:32]} 42. Rxh6 {[%clk 1:02:56]} Rxg2 {[%clk 0:35:56]} 43. Rh5+ {[%clk
1:03:17]} 1/2-1/2

[Event "Irena Warakomska Memorial 2019"]
[Site "Suwalki"]
[Date "2019.08.10"]
[Round "7"]
[White "Kubicka, Anna"]
[Black "Kukula, Pawel"]
[Result "1/2-1/2"]
[Board "35"]
[WhiteElo "2241"]
[WhiteTitle "WIM"]
[WhiteCountry "POL"]
[WhiteFideId "1152254"]
[WhiteEloChange "-1"]
[BlackElo "2209"]
[BlackCountry "POL"]
[BlackFideId "1115081"]
[BlackEloChange "1"]

1. e4 {[%clk 1:30:48]} e5 {[%clk 1:30:44]} 2. Nf3 {[%clk 1:31:13]} Nc6 {[%clk
1:31:06]} 3. Bb5 {[%clk 1:31:26]} a6 {[%clk 1:31:22]} 4. Ba4 {[%clk 1:31:53]} Nf6
{[%clk 1:31:43]} 5. O-O {[%clk 1:32:16]} Be7 {[%clk 1:32:08]} 6. Re1 {[%clk
1:32:44]} b5 {[%clk 1:32:30]} 7. Bb3 {[%clk 1:33:11]} d6 {[%clk 1:32:49]} 8. c3
{[%clk 1:33:37]} O-O {[%clk 1:33:07]} 9. h3 {[%clk 1:34:03]} Na5 {[%clk 1:33:28]}
10. Bc2 {[%clk 1:34:29]} c5 {[%clk 1:33:52]} 11. d4 {[%clk 1:34:56]} Nd7 {[%clk
1:34:05]} 12. Nbd2 {[%clk 1:34:48]} exd4 {[%clk 1:34:27]} 13. cxd4 {[%clk
1:35:03]} Nc6 {[%clk 1:34:52]} 14. Nf1 {[%clk 1:34:23]} cxd4 {[%clk 1:30:16]} 15.
Nxd4 {[%clk 1:34:35]} Nxd4 {[%clk 1:30:39]} 16. Qxd4 {[%clk 1:35:01]} Ne5 {[%clk
1:29:01]} 17. Qd1 {[%clk 1:28:58]} Ng6 {[%clk 1:17:51]} 18. Ne3 {[%clk 1:19:03]}
Be6 {[%clk 1:16:43]} 19. Bb3 {[%clk 1:15:42]} Bf6 {[%clk 1:14:14]} 20. Bxe6
{[%clk 1:11:05]} fxe6 {[%clk 1:14:35]} 21. Ng4 {[%clk 1:10:30]} Ne5 {[%clk
1:05:10]} 22. Be3 {[%clk 1:00:10]} Nxg4 {[%clk 0:58:39]} 23. Qxg4 {[%clk
1:00:12]} Qe7 {[%clk 0:58:46]} 24. Qe2 {[%clk 0:59:04]} Rac8 {[%clk 0:56:57]} 25.
Rac1 {[%clk 0:58:22]} Qd7 {[%clk 0:56:58]} 26. b3 {[%clk 0:58:11]} Rxc1 {[%clk
0:55:03]} 27. Rxc1 {[%clk 0:58:30]} Rc8 {[%clk 0:55:29]} 28. Rd1 {[%clk 0:58:54]}
d5 {[%clk 0:39:18]} 29. exd5 {[%clk 0:41:01]} exd5 {[%clk 0:39:25]} 30. Bd4
{[%clk 0:40:10]} Bxd4 {[%clk 0:37:56]} 31. Rxd4 {[%clk 0:40:39]} h6 {[%clk
0:36:35]} 32. Qf3 {[%clk 0:37:52]} Rd8 {[%clk 0:36:44]} 33. Qd3 {[%clk 0:34:12]}
Qd6 {[%clk 0:35:11]} 34. g3 {[%clk 0:33:39]} Qe6 {[%clk 0:31:03]} 35. Kg2 {[%clk
0:33:30]} Qc6 {[%clk 0:29:27]} 36. Qf5 {[%clk 0:30:04]} Qd7 {[%clk 0:26:58]} 37.
Qg6 {[%clk 0:25:45]} Qd6 {[%clk 0:27:19]} 38. Qc2 {[%clk 0:08:48]} Qe5 {[%clk
0:23:00]} 39. Qd2 {[%clk 0:09:12]} Qf6 {[%clk 0:12:35]} 40. Qe3 {[%clk 0:37:54]}
Qc6 {[%clk 0:40:52]} 41. Qf3 {[%clk 0:25:23]} Qc5 {[%clk 0:39:41]} 42. Qd3 {[%clk
0:22:42]} Qc6 {[%clk 0:40:06]} 43. a4 {[%clk 0:19:33]} Rf8 {[%clk 0:38:54]} 44.
axb5 axb5 {[%clk 0:38:54]} 45. h4 Rf7 {[%clk 0:38:54]} 46. Qe3 Rf8 {[%clk
0:38:54]} 47. Qe5 Rd8 {[%clk 0:38:54]} 48. h5 Qd6 {[%clk 0:38:54]} 49. Qf5 Qd7
{[%clk 0:38:54]} 50. Qg6 Rf8 {[%clk 0:38:54]} 51. Qg4 Qd6 {[%clk 0:38:54]} 52.
Qe2 Qc6 {[%clk 0:38:54]} 53. Qe5 Rd8 {[%clk 0:38:54]} 54. Qf5 Qd7 {[%clk
0:38:54]} 55. Qf4 Rf8 {[%clk 0:38:54]} 56. Qe5 Rf5 {[%clk 0:38:54]} 57. Qe2 Rf8
{[%clk 0:38:54]} 58. Qg4 Qd6 {[%clk 0:38:54]} 59. Rd3 Qc6 {[%clk 0:38:54]} 60.
Qd4 Rd8 {[%clk 0:38:54]} 61. Re3 Qd7 {[%clk 0:38:54]} 62. Re5 Qd6 {[%clk
0:38:54]} 63. Rf5 Qe6 {[%clk 0:38:54]} 64. Re5 Qd6 {[%clk 0:38:54]} 65. Re3 Qd7
{[%clk 0:38:54]} 66. Re5 1/2-1/2

[Event "Irena Warakomska Memorial 2019"]
[Site "Suwalki"]
[Date "2019.08.10"]
[Round "7"]
[White "Kokoszczynski, Jan"]
[Black "Oborski, Artur"]
[Result "1-0"]
[Board "41"]
[WhiteElo "2198"]
[WhiteCountry "POL"]
[WhiteFideId "1174460"]
[WhiteEloChange "6"]
[BlackElo "2039"]
[BlackCountry "POL"]
[BlackFideId "21844810"]
[BlackEloChange "-6"]

1. d4 {[%clk 1:30:57]} Nf6 {[%clk 1:30:52]} 2. c4 {[%clk 1:31:20]} e6 {[%clk
1:31:18]} 3. Nf3 {[%clk 1:30:58]} b6 {[%clk 1:31:42]} 4. a3 {[%clk 1:30:45]} Bb7
{[%clk 1:31:56]} 5. Nc3 {[%clk 1:30:52]} d5 {[%clk 1:32:18]} 6. cxd5 {[%clk
1:31:12]} Nxd5 {[%clk 1:32:41]} 7. Qc2 {[%clk 1:31:22]} Nxc3 {[%clk 1:31:01]} 8.
bxc3 {[%clk 1:25:30]} Be7 {[%clk 1:30:59]} 9. e4 {[%clk 1:24:57]} O-O {[%clk
1:31:20]} 10. Bd3 {[%clk 1:25:21]} c5 {[%clk 1:28:27]} 11. O-O {[%clk 1:24:35]}
cxd4 {[%clk 1:24:53]} 12. cxd4 {[%clk 1:24:38]} Qc8 {[%clk 1:24:56]} 13. Qe2
{[%clk 1:19:59]} Ba6 {[%clk 1:24:01]} 14. Bb2 {[%clk 1:20:20]} Bxd3 {[%clk
1:23:19]} 15. Qxd3 {[%clk 1:20:44]} Qa6 {[%clk 1:18:33]} 16. Rad1 {[%clk
1:18:49]} Qxd3 {[%clk 1:14:46]} 17. Rxd3 {[%clk 1:18:58]} Nd7 {[%clk 1:15:06]}
18. Rc1 {[%clk 1:19:05]} Rfc8 {[%clk 1:11:34]} 19. Rdc3 {[%clk 1:18:16]} Rxc3
{[%clk 1:11:56]} 20. Rxc3 {[%clk 1:18:45]} Kf8 {[%clk 1:12:02]} 21. Kf1 {[%clk
1:18:28]} Nf6 {[%clk 1:08:05]} 22. Nd2 {[%clk 1:18:11]} b5 {[%clk 1:07:14]} 23.
Rc7 {[%clk 1:15:21]} Ke8 {[%clk 0:52:27]} 24. Ke2 {[%clk 1:05:33]} Kd8 {[%clk
0:52:03]} 25. Rc1 {[%clk 0:51:07]} Rc8 {[%clk 0:48:55]} 26. Rb1 {[%clk 0:47:51]}
a5 {[%clk 0:34:34]} 27. Kd3 {[%clk 0:36:58]} a4 {[%clk 0:28:38]} 28. Bc3 {[%clk
0:33:59]} Rb8 {[%clk 0:28:58]} 29. Bb4 {[%clk 0:31:57]} Bxb4 {[%clk 0:28:00]} 30.
Rxb4 {[%clk 0:32:09]} Kc7 {[%clk 0:27:17]} 31. Nb1 {[%clk 0:32:03]} Kc6 {[%clk
0:27:13]} 32. Nc3 {[%clk 0:32:18]} Rb6 {[%clk 0:26:40]} 33. Rb1 {[%clk 0:28:52]}
Ne8 {[%clk 0:21:34]} 34. Rc1 {[%clk 0:24:49]} Kb7 {[%clk 0:21:00]} 35. e5 {[%clk
0:22:41]} f5 {[%clk 0:19:52]} 36. d5 {[%clk 0:20:40]} exd5 {[%clk 0:16:06]} 37.
Nxd5 {[%clk 0:20:09]} Rh6 {[%clk 0:16:28]} 38. h3 {[%clk 0:19:10]} Rh4 {[%clk
0:15:11]} 39. f3 {[%clk 0:07:18]} g5 {[%clk 0:14:49]} 40. Rc5 {[%clk 0:36:14]} g4
{[%clk 0:45:08]} 41. hxg4 {[%clk 0:33:37]} fxg4 {[%clk 0:43:40]} 42. f4 {[%clk
0:26:25]} Rh2 {[%clk 0:43:35]} 43. Rc2 {[%clk 0:25:02]} Rh1 {[%clk 0:43:05]} 44.
f5 {[%clk 0:22:37]} Rh5 {[%clk 0:41:22]} 1-0

[Event "Irena Warakomska Memorial 2019"]
[Site "Suwalki"]
[Date "2019.08.11"]
[Round "8"]
[White "Tomczak, Jacek"]
[Black "Harsha Bharathakoti"]
[Result "1/2-1/2"]
[Board "1"]
[WhiteElo "2628"]
[WhiteTitle "GM"]
[WhiteCountry "POL"]
[WhiteFideId "1124668"]
[WhiteEloChange "-2"]
[BlackElo "2489"]
[BlackTitle "GM"]
[BlackCountry "IND"]
[BlackFideId "5078776"]
[BlackEloChange "2"]

1. e4 {[%clk 1:30:58]} c5 {[%clk 1:29:25]} 2. Nf3 {[%clk 1:31:25]} Nc6 {[%clk
1:29:44]} 3. d4 {[%clk 1:31:45]} cxd4 {[%clk 1:30:09]} 4. Nxd4 {[%clk 1:32:10]}
Nf6 {[%clk 1:30:32]} 5. Nc3 {[%clk 1:32:33]} d6 {[%clk 1:30:56]} 6. Bc4 {[%clk
1:32:53]} e6 {[%clk 1:31:18]} 7. Be3 {[%clk 1:33:00]} a6 {[%clk 1:26:28]} 8. Bb3
{[%clk 1:31:13]} Qc7 {[%clk 1:24:14]} 9. Qe2 {[%clk 1:29:43]} Be7 {[%clk
1:24:08]} 10. f4 {[%clk 1:20:28]} O-O {[%clk 1:14:46]} 11. f5 {[%clk 1:05:24]}
Nxd4 {[%clk 0:24:59]} 12. Bxd4 {[%clk 1:05:16]} e5 {[%clk 0:25:26]} 13. Be3
{[%clk 0:51:33]} b5 {[%clk 0:25:37]} 14. a3 {[%clk 0:51:48]} Bb7 {[%clk 0:18:07]}
15. Bg5 {[%clk 0:51:22]} Rac8 {[%clk 0:18:13]} 16. Bxf6 {[%clk 0:45:00]} Bxf6
{[%clk 0:18:38]} 17. O-O-O {[%clk 0:45:22]} Qb6 {[%clk 0:13:17]} 18. Nd5 {[%clk
0:43:52]} Bxd5 {[%clk 0:13:31]} 19. Rxd5 {[%clk 0:44:15]} Rc5 {[%clk 0:11:50]}
20. Rd3 {[%clk 0:33:25]} a5 {[%clk 0:10:26]} 21. Rhd1 {[%clk 0:33:52]} a4 {[%clk
0:07:01]} 22. Rxd6 {[%clk 0:27:08]} Qb8 {[%clk 0:07:17]} 23. Ba2 {[%clk 0:26:52]}
b4 {[%clk 0:06:43]} 24. axb4 {[%clk 0:15:18]} Qxb4 {[%clk 0:07:09]} 25. R1d3
{[%clk 0:15:42]} Bg5+ {[%clk 0:05:48]} 26. Kb1 {[%clk 0:15:44]} Rb8 {[%clk
0:05:42]} 27. c4 {[%clk 0:14:07]} h6 {[%clk 0:05:15]} 28. Ka1 {[%clk 0:12:42]}
Rc7 {[%clk 0:02:58]} 29. R6d5 {[%clk 0:08:45]} Rcb7 {[%clk 0:02:39]} 30. Rb5
{[%clk 0:08:33]} Rxb5 {[%clk 0:03:06]} 31. cxb5 {[%clk 0:09:01]} Qxb5 {[%clk
0:02:59]} 32. Bc4 {[%clk 0:07:06]} Qb4 {[%clk 0:01:43]} 33. Qc2 {[%clk 0:07:00]}
Be7 {[%clk 0:00:55]} 34. Qc3 {[%clk 0:06:03]} Qb7 {[%clk 0:01:24]} 35. Bd5 {[%clk
0:05:31]} Qb6 {[%clk 0:01:37]} 36. Ka2 {[%clk 0:04:35]} a3 {[%clk 0:01:14]} 37.
b3 {[%clk 0:04:51]} Bb4 {[%clk 0:01:22]} 38. Qc2 {[%clk 0:04:48]} Kf8 {[%clk
0:00:53]} 39. f6 {[%clk 0:05:00]} gxf6 {[%clk 0:01:00]} 40. Rf3 {[%clk 0:31:15]}
Rd8 {[%clk 0:30:33]} 41. Rf1 {[%clk 0:24:41]} Kg7 {[%clk 0:21:47]} 42. Rf3 {[%clk
0:16:22]} Kf8 {[%clk 0:15:57]} 43. Rf1 {[%clk 0:09:36]} 1/2-1/2

[Event "Irena Warakomska Memorial 2019"]
[Site "Suwalki"]
[Date "2019.08.11"]
[Round "8"]
[White "Zakhartsov, Vladimir"]
[Black "Sadzikowski, Daniel"]
[Result "1-0"]
[Board "3"]
[WhiteElo "2493"]
[WhiteTitle "GM"]
[WhiteCountry "RUS"]
[WhiteFideId "4145097"]
[WhiteEloChange "5"]
[BlackElo "2502"]
[BlackTitle "GM"]
[BlackCountry "POL"]
[BlackFideId "1132253"]
[BlackEloChange "-5"]

1. d4 {[%clk 1:26:10]} Nf6 {[%clk 1:30:40]} 2. c4 {[%clk 1:26:27]} e6 {[%clk
1:31:04]} 3. Nc3 {[%clk 1:26:53]} Bb4 {[%clk 1:31:16]} 4. e3 {[%clk 1:27:16]} O-O
{[%clk 1:31:29]} 5. Nf3 {[%clk 1:27:35]} d5 {[%clk 1:31:01]} 6. Bd2 {[%clk
1:27:57]} b6 {[%clk 1:31:02]} 7. cxd5 {[%clk 1:28:16]} exd5 {[%clk 1:31:30]} 8.
Bd3 {[%clk 1:28:31]} Be7 {[%clk 1:31:58]} 9. O-O {[%clk 1:27:33]} Bb7 {[%clk
1:23:37]} 10. Rc1 {[%clk 1:27:48]} c5 {[%clk 1:23:59]} 11. Ne5 {[%clk 1:27:42]}
Nc6 {[%clk 1:24:10]} 12. Be1 {[%clk 1:27:29]} g6 {[%clk 1:24:36]} 13. f4 {[%clk
1:23:37]} cxd4 {[%clk 1:23:15]} 14. Nxc6 {[%clk 1:16:36]} Bxc6 {[%clk 1:23:40]}
15. Ne2 {[%clk 1:16:48]} Bd7 {[%clk 1:23:38]} 16. Nxd4 {[%clk 1:16:52]} Ne4
{[%clk 1:23:51]} 17. Bxe4 {[%clk 1:14:57]} dxe4 {[%clk 1:24:08]} 18. Qc2 {[%clk
1:15:17]} Re8 {[%clk 1:05:00]} 19. f5 {[%clk 1:05:52]} Bf6 {[%clk 1:03:03]} 20.
Qb3 {[%clk 1:05:04]} g5 {[%clk 1:00:56]} 21. Rd1 {[%clk 0:55:48]} a5 {[%clk
0:46:11]} 22. Nb5 {[%clk 0:49:00]} Qe7 {[%clk 0:38:53]} 23. Nd6 {[%clk 0:47:00]}
Red8 {[%clk 0:39:16]} 24. Bg3 {[%clk 0:43:25]} b5 {[%clk 0:37:04]} 25. Qc2 {[%clk
0:38:35]} Kg7 {[%clk 0:28:51]} 26. Rd5 {[%clk 0:35:45]} Be8 {[%clk 0:14:49]} 27.
Rfd1 {[%clk 0:32:03]} h5 {[%clk 0:15:17]} 28. h3 {[%clk 0:29:23]} h4 {[%clk
0:15:45]} 29. Bh2 {[%clk 0:29:45]} a4 {[%clk 0:13:57]} 30. Rc5 {[%clk 0:27:48]}
Ra7 {[%clk 0:13:19]} 31. Rcd5 {[%clk 0:25:56]} Raa8 {[%clk 0:11:58]} 32. Rc1
{[%clk 0:16:19]} Ra6 {[%clk 0:09:52]} 33. Nc8 {[%clk 0:14:57]} Qb4 {[%clk
0:08:48]} 34. Rxd8 {[%clk 0:13:14]} Bxd8 {[%clk 0:08:42]} 35. a3 {[%clk 0:12:37]}
Qc4 {[%clk 0:06:57]} 36. Nd6 {[%clk 0:10:30]} Qxc2 {[%clk 0:06:40]} 37. Nxe8+
{[%clk 0:10:55]} Kf8 {[%clk 0:07:06]} 38. Rxc2 {[%clk 0:11:22]} Kxe8 {[%clk
0:07:31]} 39. Rc5 {[%clk 0:11:40]} Rb6 {[%clk 0:02:39]} 40. Be5 {[%clk 0:38:06]}
b4 {[%clk 0:32:06]} 41. axb4 {[%clk 0:37:33]} Rxb4 {[%clk 0:31:48]} 42. Bc3
{[%clk 0:37:40]} Rb3 {[%clk 0:31:16]} 43. Rc4 {[%clk 0:38:03]} a3 {[%clk
0:31:09]} 44. bxa3 {[%clk 0:38:27]} Rxa3 {[%clk 0:31:03]} 45. Rxe4+ {[%clk
0:38:45]} Kd7 {[%clk 0:31:27]} 46. Rd4+ {[%clk 0:38:03]} Ke8 {[%clk 0:31:42]} 47.
Rc4 {[%clk 0:37:42]} Ra2 {[%clk 0:28:27]} 48. Bd4 {[%clk 0:36:42]} Kd7 {[%clk
0:26:47]} 49. Rb4 {[%clk 0:33:50]} Kc6 {[%clk 0:24:56]} 50. Rb8 {[%clk 0:33:35]}
Be7 {[%clk 0:23:50]} 51. Rb6+ {[%clk 0:33:23]} Kd5 {[%clk 0:24:07]} 52. Rb7
{[%clk 0:30:55]} Bd6 {[%clk 0:24:18]} 53. Rxf7 {[%clk 0:29:18]} Bg3 {[%clk
0:24:12]} 54. Ra7 {[%clk 0:28:42]} Bf2+ {[%clk 0:16:25]} 55. Kf1 {[%clk 0:28:16]}
Rc2 {[%clk 0:16:53]} 56. Ra1 {[%clk 0:19:16]} Ke4 {[%clk 0:12:00]} 57. f6 {[%clk
0:19:37]} Bg3 {[%clk 0:12:27]} 58. Kg1 {[%clk 0:19:45]} Bf2+ {[%clk 0:08:09]} 59.
Kh1 {[%clk 0:17:50]} Rc8 {[%clk 0:08:29]} 60. f7 {[%clk 0:16:41]} Rf8 {[%clk
0:08:47]} 61. Ra7 {[%clk 0:16:45]} Rb8 {[%clk 0:07:43]} 62. Re7+ {[%clk 0:14:49]}
Kd3 {[%clk 0:07:52]} 63. g4 {[%clk 0:15:11]} hxg3 {[%clk 0:05:45]} 64. Kg2 {[%clk
0:15:35]} Ke2 {[%clk 0:05:41]} 65. Rb7 {[%clk 0:13:31]} Rxb7 {[%clk 0:05:26]} 66.
f8Q {[%clk 0:13:55]} Rb1 {[%clk 0:05:51]} 67. Qf3+ {[%clk 0:14:21]} Kd2 {[%clk
0:06:16]} 68. Qa8 {[%clk 0:14:39]} Rg1+ {[%clk 0:06:08]} 69. Kf3 {[%clk 0:15:03]}
Be1 {[%clk 0:05:57]} 70. Qa2+ {[%clk 0:14:55]} Kd1 {[%clk 0:06:21]} 71. Ke4
{[%clk 0:14:15]} 1-0